00871nam 22002293 4500001000700000090001100007100004100018200010900059210003200168215003300200225002400233300007200257606002900329610003600358675002500394700003200419702003000451801001800481830002900499990001100528995010200539202150 a202150 a20230112d u||y0pory50 ba aLa passionfAlmeida Fariagtraduit du portugais por Roberto Quemserat avec laa collaboration de l'auteur a[França]cGallimardd1969 a242, [3] p.cbrochadod19 cm aDu mond EntiereNRF aContém apontamentos do Prof. Dr. Almeida Faria na folha de guarda aLiteratura Portuguesa96 aLiteratura em Língua Francesa a821.134.3-3vFRzfra 91040aFariabAlmeidaf1943- 917295aQuemseratbRoberto aPTbBMMNgRPC cAna FalardofAna Falardo cLIVROS 002052026-05-13931871bBMMNf31591k821.134.3-3 FAR|SAFo0rLIVROSuAcesso CondicionadosOferta